| 000 | 00466nam a2200133Ia 4500 | ||
|---|---|---|---|
| 008 | 260210s9999 xx 000 0 und d | ||
| 024 | _a08B-012-TE, 08B-041-TE, 08B-054-TE & 05B-086-TE | ||
| 082 | _a621.3822072 ISM | ||
| 100 | _aIsmail, Muhammad Owais, S. Zeeshan ul Hassan & Humaira Gulzar | ||
| 245 | 0 | _aEnergy theft Control Meter | |
| 260 |
_aKarachi: _bUITU, _c2008 |
||
| 600 | _aTelecommunication Engineering | ||
| 650 | _aBachelor of Engineering (BE) | ||
| 999 |
_c33587 _d33587 |
||